Villes du Monde sur une carte par lettre - T - Statistiques

Statistiques générales
  • Ce quiz a été pris 21 917 fois
  • Le résultat moyen est 13 sur 28
Réponses sur la Carte
Les réponses sont colorées sur une échelle allant du rouge au vert en fonction du pourcentage des utilisateurs qui les ont devinées à leur premier essai. Vous pouvez retrouver ces pourcentages ci-dessous.
 
Statistiques - réponses
Villes % Correct
Toulouse
91%
Tokyo
87%
Toronto
80%
Tours
79%
Tunis
79%
Turin
78%
Taipei
61%
Tallinn
61%
Téhéran
60%
Tirana
55%
Tel Aviv
53%
Tripoli
52%
Tanger
51%
Tbilissi
48%
Tijuana
41%
Tegucigalpa
36%
Tombouctou
34%
Thessalonique
33%
Tachkent
32%
Tampa
27%
Tolède
27%
Thimphou
25%
Trieste
22%
Tromsø
17%
Tianjin
16%
Tulum
14%
Trois-Rivières
13%
Tcheliabinsk
5%
Aucun quiz correspondant
Distribution des résultats
% des personnes avec chaque résultat
Percentile par nombre de réponses
Votre historique - résultats
Vous n’avez pas pris ce quiz